000 00343nam a2200157Ia 4500
100 _aHagan/Martin T
650 _aNeural network
942 _cBK
366 _f25
654 _aneural network
245 _aNeural Network Design
260 _bCengage Learning
_c1996
082 _a4.65
_bHAG
546 _aENGLISH
_cComputers
999 _c23123
_d23123